000 00667nam a2200265Ia 4500
001 8038
005 20240113234047.0
007 ta
008 050715s1999 a g b000 u eng u
020 _a81-7649-038-5
040 _aCotton College Assam
041 _aeng
082 _a576
_bNi 536 Mi
100 _aNick, J. .
245 0 _aMicrobiology /
_cJ.Nick...(et al).
_hTextual Documents
250 _a1st ed /
260 _aNew Delhi :
_bViva Books Pvt. Ltd. ,
_c1999.
300 _aix,335p. :
_bill ;
_c23cm. .
504 _aIndex
653 _aBotany
653 _aMicrobiology
942 _2ddc
_cBK
999 _c8025
_d8025